000 00624nam a22002057a 4500
005 20251108173343.0
008 250721s1999 xx 000 0 ara d
082 1 4 _aط/ 612.85/بدو
100 1 _aالبدوي، خليل
_eمؤلف
245 1 0 _aالأذن و السمع /
264 1 _aعمان :
_bدار عالم الثقافة،
_c1999.
300 _a16ص.
490 0 _aموسوعة دائرة المعارف : سلسلة الحواس
_v2
650 1 7 _aالأذن
650 1 7 _aالسمع
653 _aالحواس
653 _aناشئون صغار (10-14) سنة
942 _2ddc
_cBK
999 _c101939
_d101939